<?xml version="1.0" encoding="UTF-8"?>
<collection xmlns:xsi="http://www.w3.org/2001/XMLSchema-instance" xsi:schemaLocation="http://www.loc.gov/MARC21/slim http://www.loc.gov/standards/marcxml/schema/MARC21slim.xsd" xmlns="http://www.loc.gov/MARC21/slim">
 <record>
  <leader>00000cja a22000003a 4500</leader>
  <controlfield tag="001">UP-99796217610571509</controlfield>
  <controlfield tag="003">Buklod</controlfield>
  <controlfield tag="005">20130109163527.0</controlfield>
  <controlfield tag="006">a     r    |||| u|</controlfield>
  <controlfield tag="007">s| u||||||u|u|</controlfield>
  <controlfield tag="008">130109s1997    xx     d|||||||||||||| | </controlfield>
  <datafield tag="035" ind1=" " ind2=" ">
   <subfield code="a">(iLib)UPD-00192603171</subfield>
  </datafield>
  <datafield tag="040" ind1=" " ind2=" ">
   <subfield code="a">LC</subfield>
   <subfield code="d">DMUS</subfield>
  </datafield>
  <datafield tag="041" ind1=" " ind2=" ">
   <subfield code="a">eng</subfield>
   <subfield code="b">ger</subfield>
   <subfield code="b">fre</subfield>
  </datafield>
  <datafield tag="090" ind1=" " ind2=" ">
   <subfield code="a">CD1656</subfield>
  </datafield>
  <datafield tag="100" ind1="0" ind2=" ">
   <subfield code="a">Shaham, Gil</subfield>
   <subfield code="d">1971-</subfield>
  </datafield>
  <datafield tag="245" ind1="0" ind2="4">
   <subfield code="a">The fiddler of the opera [sound recording]</subfield>
   <subfield code="c">Gil Shaham.</subfield>
  </datafield>
  <datafield tag="264" ind1=" " ind2="1">
   <subfield code="a">Hamburg</subfield>
   <subfield code="b">Deutsche Grammphon</subfield>
   <subfield code="a">New York, N.Y.</subfield>
   <subfield code="b">Manufactured and marketed by PolyGram Classics &amp; Jazz</subfield>
   <subfield code="c">p1997.</subfield>
  </datafield>
  <datafield tag="300" ind1=" " ind2=" ">
   <subfield code="a">1 sound disc</subfield>
   <subfield code="b">digital, stereo.</subfield>
   <subfield code="c">4 3/4 in.</subfield>
  </datafield>
  <datafield tag="306" ind1=" " ind2=" ">
   <subfield code="a">65mins.</subfield>
  </datafield>
  <datafield tag="500" ind1=" " ind2=" ">
   <subfield code="a">Program notes by Eric Wen and Gil Shaham, and biographical notes on the performers ([14] p. : ill.) inserted in container.</subfield>
  </datafield>
  <datafield tag="505" ind1="0" ind2=" ">
   <subfield code="a">The barber of Seville : paraphrase on &quot;Largo al factotum&quot; / Rossini ; arr. Castelnuovo-Tedesco ; ed. Heifetz (4:43) -- The magic flute : fantaisie / Mozart ; Sarasate (11:48) -- Orphee et Euridice. Melodie = Danse of the blessed spirits / Gluck ; transcr. Kreisler (2:49) -- Tancredi. I palpiti / Rossini ; Paganini ; rev. &amp; ed. Kreisler (9:40) -- The love for three oranges. March / Prokofiev ; transcr. Heifetz (1:29) -- Der Rosenkavalier. Waltzes / Strauss ; transcr. Prihoda (7:29) -- Porgy and Bess / Gershwin ; transcriptions, Heifetz (16:23) -- Sadko. Hindoo song : Song of India / Rimsky-Korsakov ; transcr. Kreisler (2:46) -- Carmen : fantaisie brillante / Bizet ; Hubay (8:53).</subfield>
  </datafield>
  <datafield tag="511" ind1="0" ind2=" ">
   <subfield code="a">Gil Shaham, violin ; Akira Eguchi, piano.</subfield>
  </datafield>
  <datafield tag="518" ind1=" " ind2=" ">
   <subfield code="a">Recorded June 1996, Herkulessaal (Residenz), Munich.</subfield>
  </datafield>
  <datafield tag="650" ind1="1" ind2="7">
   <subfield code="a">Violin and piano music, Arranged.</subfield>
  </datafield>
  <datafield tag="650" ind1="1" ind2="7">
   <subfield code="a">Operas</subfield>
   <subfield code="v">Excerpts, Arranged.</subfield>
  </datafield>
  <datafield tag="650" ind1="1" ind2="7">
   <subfield code="a">Violin and piano music.</subfield>
  </datafield>
  <datafield tag="700" ind1="1" ind2=" ">
   <subfield code="a">Eguchi, Akira</subfield>
   <subfield code="c">pianist.</subfield>
  </datafield>
  <datafield tag="700" ind1="1" ind2=" ">
   <subfield code="a">Rossini, Gioacchino</subfield>
   <subfield code="d">1792-1868.</subfield>
  </datafield>
  <datafield tag="700" ind1="1" ind2=" ">
   <subfield code="a">Sarasate, Pablo de</subfield>
   <subfield code="d">1844-1908.</subfield>
  </datafield>
  <datafield tag="700" ind1="1" ind2=" ">
   <subfield code="a">Gluck, Christoph Willibald</subfield>
   <subfield code="c">Ritter von</subfield>
   <subfield code="d">1714-1787.</subfield>
  </datafield>
  <datafield tag="700" ind1="1" ind2=" ">
   <subfield code="a">Paganini, Nicolo</subfield>
   <subfield code="d">1782-1840.</subfield>
  </datafield>
  <datafield tag="700" ind1="1" ind2=" ">
   <subfield code="a">Prokofiev, Sergey</subfield>
   <subfield code="d">1891-1953.</subfield>
  </datafield>
  <datafield tag="700" ind1="1" ind2=" ">
   <subfield code="a">Strauss, Richard</subfield>
   <subfield code="d">1864-1949.</subfield>
  </datafield>
  <datafield tag="700" ind1="1" ind2=" ">
   <subfield code="a">Gershwin, George</subfield>
   <subfield code="d">1898-1937.</subfield>
  </datafield>
  <datafield tag="700" ind1="1" ind2=" ">
   <subfield code="a">Rimsky-Korsakov, Nikolay</subfield>
   <subfield code="d">1844-1908.</subfield>
  </datafield>
  <datafield tag="700" ind1="1" ind2=" ">
   <subfield code="a">Hubay, Jeno</subfield>
   <subfield code="d">1858-1937.</subfield>
  </datafield>
  <datafield tag="905" ind1=" " ind2=" ">
   <subfield code="a">FO</subfield>
  </datafield>
  <datafield tag="950" ind1=" " ind2=" ">
   <subfield code="a">Optic</subfield>
  </datafield>
  <datafield tag="852" ind1="0" ind2=" ">
   <subfield code="a">UPD</subfield>
   <subfield code="b">DMUS</subfield>
   <subfield code="h">CD1656</subfield>
  </datafield>
  <datafield tag="942" ind1=" " ind2=" ">
   <subfield code="a">Music</subfield>
  </datafield>
 </record>
</collection>
